Złota Piłka 2004 - Top 10 - Statystyki

Ogólne statystyki
  • Ten quiz został rozwiązany 275 razy
  • Średni wynik to 7 z 10
Statystyki odpowiedzi
Lp. Klub Kraj Zawodnik % Poprawnych
1 Milan Ukraina Andrij Szewczenko
97%
4 Arsenal Francja Thierry Henry
95%
3 Barcelona Brazylia Ronaldinho
91%
7 Juventus Czechy Pavel Nedved
84%
2 Barcelona Portugalia Deco
72%
8 Everton Anglia Wayne Rooney
60%
6 Inter Brazylia Adriano
58%
9 Man United Holandia Ruud Van Nistelrooy
54%
10 Chelsea Portugalia Ricardo Carvalho
30%
5 Bologna Grecja Theodoros Zagorakis
10%
Nie znaleziono quizów pasujących do podanych kryteriów
Rozkład punktacji
Procent ludzi z każdym wynikiem
Percentyl według liczby udzielonych odpowiedzi
Twoja historia wyników
Nie rozwiązałeś tego quizu